000 00475nam a22001457a 4500
005 20251108165431.0
008 250721s1930 xx 000 0 ara d
082 1 4 _aم/810/قتي
100 1 _aإبن قتيبة، أبو محمد عبد الله بن مسلم
_eمؤلف
245 1 0 _aكتاب عيون الأخبار /
264 1 _aالقاهرة :
_bدار الكتب المصرية،
_c-1930.
650 1 7 _aالأدب العربي
942 _2ddc
_cREF
999 _c27836
_d27836